000 00438nam a22001817a 4500
005 20180814120227.0
008 160531b xxu||||| |||| 00| 0 eng d
020 _a0-07-463227-2
041 _aeng
082 _b6303
_a658.4
100 _aKoontz, Harold & Weihrich, Heinz
_91577
245 _aESSENTIALS OF MANGEMENT
250 _a5th ed.
260 _bTMH
_c2003
_aDELHI
300 _a512p,
650 _aManagement
_9241
942 _cBK
999 _c2229
_d2228